Monitorovanie vozidla pomocou IoT Sigfox

Gespeichert in:
Bibliographische Detailangaben
1. Verfasser: Hromada, Jakub (Verfasst von)
Weitere Verfasser: Kováčik, Tomáš (Betreuung Doktorarbeit)
Format: Manuskript Buch
Sprache:Slowakisch
Veröffentlicht: 2022
Schlagworte:
Online-Zugang:http://is.stuba.sk/zp/portal_zp.pl?podrobnosti=148388
Tags: Tag hinzufügen
Keine Tags, Fügen Sie das erste Tag hinzu!

MARC

LEADER 00000ntm a22000003a 4500
001 stuzp88135
003 SK-STU
005 20220625211156.8
007 ta
008 150427s2015----xo-----f-mn---000-0-slo-d
040 |a STU  |b slo 
041 0 |a slo 
100 1 |a Hromada, Jakub  |u 070400  |4 aut  |U FIIT Fakulta informatiky a informačných technológií  |T FIIT Ústav počítačového inžinierstva a aplikovanej informatiky  |X 96886  |U I400  |Y 672  |7 96886 
242 0 1 |a Monitoring a vehicle using IoT Sigfox  |y eng 
245 1 0 |a Monitorovanie vozidla pomocou IoT Sigfox 
260 |c 2022 
650 4 |a IoT  |2 slo 
650 4 |a Sigfox  |2 slo 
650 4 |a Monitorovanie vozidla  |2 slo 
650 4 |a IoT  |2 eng 
650 4 |a Sigfox  |2 eng 
650 4 |a Vehicle monitoring  |2 eng 
700 1 |a Kováčik, Tomáš  |u 070400  |k Z8  |4 ths  |U FIIT Fakulta informatiky a informačných technológií  |T FIIT Ústav počítačového inžinierstva a aplikovanej informatiky  |X 11781  |U I400  |Y 672  |7 11781 
856 4 |u http://is.stuba.sk/zp/portal_zp.pl?podrobnosti=148388